Red State or Blue State Trait? - Statistics

General Stats
  • This quiz has been taken 55,605 times
    27,950 since last reset
  • The average score is 11 of 15
Answer Stats
Question Answer % Correct
Higher church attendance Republican
97%
Higher percentage of adults with a four-year college degree Democratic
94%
Higher population density Democratic
92%
Higher percentage of workforce employed in agriculture Republican
92%
Higher percentage of foreign-born residents Democratic
91%
Higher rate of obesity Republican
91%
Most sunlight received per square meter Republican
85%
Higher state and local taxes as a percent of personal income Democratic
84%
Higher median household income Democratic
82%
Higher incarceration rate Republican
70%
Higher rate of homelessness Democratic
66%
More people moving in from other states than moving out Republican
50%
Happier citizens (2005–2008, source) Republican
43%
High income inequality Democratic
37%
Younger average age Republican
24%
No matching quizzes found
Score Distribution
Percent of People with Each Score
Percentile by Number Answered
Your Score History
You have not taken this quiz since the last reset